000
00259nam a2200109Ia 4500
008
220216s9999 xx 000 0 und d
100
_a
Le Doux J A
245
0
_a
Reminiscences of planting 1906-41
260
_b
Planter
_c
1954
300
_a
108-111
942
_c
JS
999
_c
66730
_d
66730